[Event "Gibtelecom Masters 8th"]
[Site "Gibraltar"]
[Date "2010.02.01"]
[Round "7.34"]
[White "Houska, Jovanka"]
[Black "Byron, Alan M"]
[Result "1/2-1/2"]
[WhiteElo "2401"]
[BlackElo "2196"]
[PlyCount "92"]
[EventDate "2010.01.26"]
[EventType "swiss"]
[EventRounds "10"]
[EventCountry "GGB"]
[SourceDate "2005.02.07"]

1. d4 Nf6 2. Nf3 d5 3. c4 e6 4. g3 Bb4+ 5. Bd2 a5 6. Bg2 Nc6 7. Qc2 dxc4 8Qxc4 Qd5 9. Qd3 Qe4 10. Qxe4 Nxe4 11. Bxb4 axb4 12. Nbd2 Nxd2 13. Kxd2 Ke7 14e3 Bd7 15. Rhc1 Ra4 16. b3 Ra3 17. Kc2 Ra5 18. Kb2 Rha8 19. Ne1 R8a6 20. Nd3
Rb6 21. Rc4 Rf5 22. f4 Rh5 23. h3 f6 24. Rf1 Kd8 25. g4 Rhb5 26. Rfc1 Ra5 27Nc5 Ke7 28. Kb1 Ra8 29. Nxb7 Rxb7 30. Rxc6 Bxc6 31. Bxc6 Raa7 32. Bxb7 Rxb7 33Rc5 Kd6 34. Ra5 Rb6 35. Rc5 g6 36. e4 c6 37. Ra5 Rb7 38. Kc2 f5 39. e5+ Kc7 40g5 Kb6 41. Rc5 h6 42. gxh6 Rh7 43. Kd3 Rxh6 44. Kc4 Rh4 45. Kxb4 Rxf4 46. Rc4
Re4 1/2-1/2

[Event "Gibtelecom Masters 8th"]
[Site "Gibraltar"]
[Date "2010.02.01"]
[Round "7.35"]
[White "Tania, Sachdev"]
[Black "Lasinskas, Povilas"]
[Result "1-0"]
[WhiteElo "2398"]
[BlackElo "2174"]
[PlyCount "101"]
[EventDate "2010.01.26"]
[EventType "swiss"]
[EventRounds "10"]
[EventCountry "GGB"]
[SourceDate "2005.02.07"]

1. d4 Nf6 2. c4 e6 3. Nf3 Bb4+ 4. Bd2 a5 5. g3 b6 6. Bg2 Bb7 7. O-O Bxd2 8Qxd2 d6 9. Nc3 Ne4 10. Nxe4 Bxe4 11. Qf4 Bxf3 12. Bxf3 Ra7 13. Rfd1 O-O 14Rac1 c6 15. e4 Qe7 16. e5 d5 17. Rd3 Na6 18. Rb3 Rb7 19. cxd5 cxd5 20. Be2 a4
21. Rf3 b5 22. a3 Nb8 23. b4 axb3 24. Rxb3 b4 25. a4 Nd7 26. Qd2 Ra8 27. Bb5
Nb6 28. Bc6 Nc4 29. Qe1 Rab8 30. Bxb7 Rxb7 31. a5 h6 32. a6 Rb6 33. Ra1 Qa7 34Rxb4 Rxa6 35. Rxa6 Qxa6 36. Rb8+ Kh7 37. Qb1+ g6 38. Qb7 Qxb7 39. Rxb7 Kg7 40Kf1 Na5 41. Rb6 Nc4 42. Ra6 Nd2+ 43. Ke2 Ne4 44. f3 Ng5 45. h4 Nh7 46. g4 h5
47. g5 Kf8 48. Kd3 Ke7 49. Ra7+ Ke8 50. Kc3 Nf8 51. Kb4 1-0

[Event "Gibtelecom Masters 8th"]
[Site "Gibraltar"]
[Date "2010.02.01"]
[Round "7.36"]
[White "Benitah, Yohan"]
[Black "Molina, Antonio"]
[Result "0-1"]
[WhiteElo "2390"]
[BlackElo "2148"]
[PlyCount "112"]
[EventDate "2010.01.26"]
[EventType "swiss"]
[EventRounds "10"]
[EventCountry "GGB"]
[SourceDate "2005.02.07"]

1. d4 Nf6 2. c4 g6 3. Nc3 Bg7 4. e4 d6 5. Nf3 O-O 6. Be2 e5 7. O-O Nc6 8. d5
Ne7 9. Ne1 Nd7 10. Be3 f5 11. f3 f4 12. Bf2 g5 13. Nd3 Nf6 14. c5 Ng6 15. Rc1
Rf7 16. cxd6 cxd6 17. a4 Bf8 18. b4 Bd7 19. Nb2 Rg7 20. Nb5 g4 21. fxg4 Nxe4
22. Nc7 Nxf2 23. Rxf2 Bxa4 24. Nxa4 Rxc7 25. Rxc7 Qxc7 26. Bd3 Rc8 27. Rc2 Qd8
28. Bf5 Rxc2 29. Qxc2 Qh4 30. Qe4 Kg7 31. Nb2 Be7 32. Nd3 Bd8 33. Kh1 Bb6 34Bc8 Qe7 35. Qf5 e4 36. Nc1 f3 37. gxf3 exf3 38. Qd7 Qxd7 39. Bxd7 Nh4 40. Bb5
Ng2 41. Nb3 Ne3 42. Bd3 f2 43. Nd2 Nxd5 44. b5 Nf4 45. Bf5 a5 46. bxa6 bxa6 47h4 a5 48. Bd7 d5 49. Kh2 Kf6 50. Kg3 Ne2+ 51. Kg2 Nc3 52. g5+ Kg7 53. Bf5 a4
54. Nb1 Nxb1 55. Bxb1 Be3 56. h5 h6 0-1

[Event "Gibtelecom Masters 8th"]
[Site "Gibraltar"]
[Date "2010.02.01"]
[Round "7.37"]
[White "Osuna Vega, Enrique"]
[Black "Degtiarev, Evgeny"]
[Result "1/2-1/2"]
[WhiteElo "2128"]
[BlackElo "2374"]
[PlyCount "104"]
[EventDate "2010.01.26"]
[EventType "swiss"]
[EventRounds "10"]
[EventCountry "GGB"]
[SourceDate "2005.02.07"]

1. d4 Nf6 2. c4 g6 3. Nc3 d5 4. Nf3 Bg7 5. Bf4 O-O 6. Rc1 dxc4 7. e4 b5 8. Nxb5
Nxe4 9. Bxc4 c6 10. Nc3 Nd6 11. Be2 Nf5 12. Be5 Bh6 13. g4 Nd6 14. g5 Bg7 15h4 Nf5 16. Bxg7 Kxg7 17. h5 Ba6 18. Qd2 Bxe2 19. Nxe2 Qd5 20. Qf4 Nd7 21. Nc3
Qd6 22. Qxd6 exd6 23. h6+ Kg8 24. Kd2 Rab8 25. b3 f6 26. Ne4 d5 27. Nxf6+ Nxf6
28. gxf6 Rxf6 29. Ne5 Rc8 30. Kd3 Ne7 31. f3 Rf4 32. Rh3 Kf8 33. Rg1 Ke8 34Ke3 Rf6 35. Rc1 Kd8 36. Rh2 Kc7 37. b4 Kb7 38. Rhc2 a6 39. a4 Re6 40. Kd3 g5
41. Rg1 a5 42. Rxg5 axb4 43. Rb2 c5 44. dxc5 Rxc5 45. Rxb4+ Ka6 46. Rh4 Rc1 47Kd2 Ra1 48. Rhh5 Ra2+ 49. Ke3 Rxa4 50. Kf2 Ra2+ 51. Kg3 Kb5 52. Rg7 Rxh6
1/2-1/2

[Event "Gibtelecom Masters 8th"]
[Site "Gibraltar"]
[Date "2010.02.01"]
[Round "7.38"]
[White "Solomon, Kenny"]
[Black "Tozer, Philip"]
[Result "1-0"]
[WhiteElo "2368"]
[BlackElo "2119"]
[PlyCount "85"]
[EventDate "2010.01.26"]
[EventType "swiss"]
[EventRounds "10"]
[EventCountry "GGB"]
[SourceDate "2005.02.07"]

1. d4 e6 2. Nf3 f5 3. g3 Nf6 4. Bg2 d5 5. O-O Bd6 6. c4 c6 7. Nbd2 O-O 8. Ne5
Ne4 9. Ndf3 b6 10. Qa4 Bb7 11. Rd1 Qe8 12. Bf4 Na6 13. Rac1 c5 14. Qd7 Qxd7 15Nxd7 Bxf4 16. gxf4 Rfd8 17. Nde5 Rac8 18. Ng5 Nxg5 19. fxg5 cxd4 20. Rxd4 Nc7
21. Rcd1 Rf8 22. e3 Ba8 23. b3 b5 24. Bf1 bxc4 25. bxc4 dxc4 26. Rxc4 Nd5 27Rdc1 Nb6 28. Rc7 Bd5 29. a3 a5 30. R7c5 a4 31. Bb5 Bb3 32. Nc6 Ra8 33. f3 Nd5
34. Kf2 f4 35. e4 Ne3 36. h4 Rf7 37. Ne5 Rff8 38. Rc7 Rad8 39. Nd7 Nd1+ 40. Ke2
Ne3 41. Nxf8 Kxf8 42. Rc8 Rxc8 43. Rxc8+ 1-0

[Event "Gibtelecom Masters 8th"]
[Site "Gibraltar"]
[Date "2010.02.01"]
[Round "7.39"]
[White "Camus de Solliers, Guillau"]
[Black "Gandrud, Vegar Koi"]
[Result "1/2-1/2"]
[WhiteElo "2356"]
[BlackElo "2158"]
[PlyCount "99"]
[EventDate "2010.01.26"]
[EventType "swiss"]
[EventRounds "10"]
[EventCountry "GGB"]
[SourceDate "2005.02.07"]

1. d4 d5 2. c4 c6 3. Nc3 e6 4. e3 Nf6 5. Nf3 Nbd7 6. Bd3 dxc4 7. Bxc4 b5 8. Bd3
a6 9. e4 c5 10. e5 cxd4 11. Nxb5 axb5 12. exf6 gxf6 13. O-O Qb6 14. Qe2 Bb7 15Rd1 Bd6 16. Be4 Rg8 17. Rxd4 Bc5 18. Bxb7 Qxb7 19. Re4 Qd5 20. g3 h5 21. Bf4 f5
22. Re5 Nxe5 23. Nxe5 Qb7 24. Qxh5 Bd4 25. Re1 Bxe5 26. Bxe5 Qd5 27. Bf6 Qxa2
28. Qxf5 Qc4 29. Qh7 Rf8 30. Bg7 Qb4 31. Rd1 Qb3 32. Rc1 Rd8 33. Bxf8 Rd1+ 34Rxd1 Qxd1+ 35. Kg2 Qd5+ 36. Kg1 Qd1+ 37. Kg2 Qd5+ 38. f3 Qd2+ 39. Kh3 Kxf8 40Qh8+ Ke7 41. Qh4+ Kf8 42. b4 Qd3 43. Qe4 Qf1+ 44. Kh4 f5 45. Qa8+ Kf7 46. Kg5
Qc1+ 47. Kh5 Qg1 48. Kg5 Qc1+ 49. Kh5 Qg1 50. Kg5 1/2-1/2

[Event "Gibtelecom Masters 8th"]
[Site "Gibraltar"]
[Date "2010.02.01"]
[Round "7.40"]
[White "Dittmar, Peter"]
[Black "Fokin, Sergey"]
[Result "1/2-1/2"]
[WhiteElo "2341"]
[BlackElo "2109"]
[PlyCount "104"]
[EventDate "2010.01.26"]
[EventType "swiss"]
[EventRounds "10"]
[EventCountry "GGB"]
[SourceDate "2005.02.07"]

1. c4 Nf6 2. g3 c6 3. Bg2 d5 4. Nf3 e6 5. O-O dxc4 6. Qc2 b5 7. a4 Bb7 8. Na3
a6 9. Rd1 Nd5 10. b3 cxb3 11. Qxb3 Nd7 12. d4 N7b6 13. e4 Nf6 14. a5 Nbd7 15Bf4 Be7 16. Nc4 O-O 17. Nd6 Ra7 18. Nxb7 Rxb7 19. Qc2 Qc8 20. Rdc1 c5 21. dxc5
Qxc5 22. Qd1 Qa7 23. Nd4 Bc5 24. Nc6 Qa8 25. Bd6 Bxd6 26. Qxd6 e5 27. Ne7+ Kh8
28. Rc6 Ne8 29. Qb4 Nc7 30. Bh3 Ne6 31. Bxe6 fxe6 32. Rxe6 Rc7 33. Rf1 Nc5 34Rb6 Nxe4 35. Nd5 Rc4 36. Rxa6 Rxb4 37. Rxa8 Rxa8 38. Nxb4 Rxa5 39. Rd1 h6 40Rd5 Ra1+ 41. Kg2 Rb1 42. Rxb5 Rb2 43. Rb8+ Kh7 44. Nc6 Rxf2+ 45. Kg1 Re2 46Nxe5 Ng5 47. Ng4 Nf3+ 48. Kf1 Rd2 49. h4 Nd4 50. Nf2 Nf5 51. Kg2 Ra2 52. Rb3 h5
1/2-1/2

[Event "Gibtelecom Masters 8th"]
[Site "Gibraltar"]
[Date "2010.02.01"]
[Round "7.41"]
[White "Ogada-Osir, Ibrahim Okinyi"]
[Black "Zozulia, Anna"]
[Result "0-1"]
[WhiteElo "2104"]
[BlackElo "2321"]
[PlyCount "100"]
[EventDate "2010.01.26"]
[EventType "swiss"]
[EventRounds "10"]
[EventCountry "GGB"]
[SourceDate "2005.02.07"]

1. Nf3 Nf6 2. b3 d6 3. d4 g6 4. Bb2 Bg7 5. g3 b5 6. Bg2 Bb7 7. O-O O-O 8. c4
bxc4 9. bxc4 Nbd7 10. Nbd2 Rb8 11. Qc2 e5 12. Rfd1 Qe7 13. e3 Rfe8 14. d5 e4
15. Nd4 Nc5 16. Rab1 Nfd7 17. N4b3 Bxb2 18. Nxc5 Nxc5 19. Rxb2 f5 20. Rdb1 Qd7
21. a4 c6 22. Bf1 Rbc8 23. Nb3 Nxa4 24. Ra2 cxd5 25. Na5 Nb6 26. Nxb7 Qxb7 27Qb3 Rc7 28. cxd5 Qxd5 29. Qxd5+ Nxd5 30. Rd2 Nc3 31. Ra1 d5 32. Ra6 Rb8 33. Kg2
Rb6 34. Ra5 Kf7 35. Rc2 Ke6 36. Rc1 Rb1 37. Rc2 Rb3 38. Rc1 Kd6 39. Rca1 Rb2
40. h4 Rd2 41. Rxa7 Rxa7 42. Rxa7 Nd1 43. Rxh7 Nxf2 44. Rg7 Ng4+ 45. Kg1 Ne5
46. Bb5 Kc5 47. Be8 d4 48. exd4+ Kxd4 49. Bxg6 Nf3+ 50. Kf1 Ke3 0-1

[Event "Gibtelecom Masters 8th"]
[Site "Gibraltar"]
[Date "2010.02.01"]
[Round "7.42"]
[White "Wantiez, Fabrice"]
[Black "Seitz, Benjamin"]
[Result "1/2-1/2"]
[WhiteElo "2315"]
[BlackElo "2017"]
[PlyCount "94"]
[EventDate "2010.01.26"]
[EventType "swiss"]
[EventRounds "10"]
[EventCountry "GGB"]
[SourceDate "2005.02.07"]

1. e4 c5 2. Nf3 e6 3. d4 cxd4 4. Nxd4 Qb6 5. Nb3 Qc7 6. Nc3 a6 7. Bd3 b5 8. O-Bb7 9. Re1 d6 10. Qg4 Nd7 11. f4 Ngf6 12. Qh3 h5 13. Be3 Be7 14. Kh1 b4 15. Ne2
Nxe4 16. Ned4 Ndf6 17. Nd2 Nxd2 18. Bxd2 Ng4 19. Be3 Nxe3 20. Qxe3 Bf6 21. f5
Qc5 22. c3 bxc3 23. bxc3 e5 24. Qh3 O-O 25. Nb3 Qxc3 26. Rac1 Qb4 27. Qxh5 Rfc8
28. Rb1 Qc3 29. Re3 Bd5 30. Rh3 Kf8 31. Be4 Qc4 32. Nd2 Qc5 33. Rc3 Qxc3 34Bxd5 Qc7 35. Nb3 Rab8 36. g4 Rb5 37. Bf3 Qc3 38. Rf1 Qd3 39. Bg2 Rc2 40. g5
Rxg2 41. Qh8+ Ke7 42. gxf6+ gxf6 43. Kxg2 Qe2+ 44. Kg1 Qg4+ 45. Kh1 Qe4+ 46Kg1 Qg4+ 47. Kh1 Qe4+ 1/2-1/2

[Event "Gibtelecom Masters 8th"]
[Site "Gibraltar"]
[Date "2010.02.01"]
[Round "7.43"]
[White "Carame Gonzalez, Francisco"]
[Black "Andre, Gordon"]
[Result "0-1"]
[WhiteElo "1977"]
[BlackElo "2308"]
[PlyCount "56"]
[EventDate "2010.01.26"]
[EventType "swiss"]
[EventRounds "10"]
[EventCountry "GGB"]
[SourceDate "2005.02.07"]

1. e4 d6 2. d4 g6 3. Nc3 Bg7 4. f4 a6 5. Nf3 b5 6. Bd3 Nd7 7. a4 b4 8. Ne2 Bb7
9. O-O c5 10. c3 cxd4 11. cxd4 Ngf6 12. Ng3 O-O 13. Qe1 a5 14. e5 Nd5 15. e6
fxe6 16. Qxe6+ Kh8 17. Ng5 N7f6 18. Qh3 Qd7 19. f5 Ba6 20. Be4 Bxf1 21. Bxd5
Bd3 22. Be6 Qc6 23. Be3 Qc2 24. Rc1 Qxb2 25. Re1 b3 26. Nf7+ Rxf7 27. Bxf7 Qc3
28. Kf2 b2 0-1

[Event "Gibtelecom Masters 8th"]
[Site "Gibraltar"]
[Date "2010.02.01"]
[Round "7.44"]
[White "Groffen, Hans"]
[Black "Cmilyte, Viktorija"]
[Result "0-1"]
[WhiteElo "2150"]
[BlackElo "2489"]
[PlyCount "84"]
[EventDate "2010.01.26"]
[EventType "swiss"]
[EventRounds "10"]
[EventCountry "GGB"]
[SourceDate "2005.02.07"]

1. d4 f5 2. g3 Nf6 3. Bg2 e6 4. Nf3 d5 5. c4 c6 6. O-O Bd6 7. b3 Qe7 8. Bb2 b6
9. Ne5 Bb7 10. Nd2 O-O 11. Ndf3 Ne4 12. Nd3 a5 13. Nfe5 Na6 14. e3 Nb4 15. f3
Nf6 16. a4 Rfd8 17. Nxb4 axb4 18. f4 c5 19. Qe2 Ne4 20. Bxe4 fxe4 21. Qh5 Rf8
22. g4 Ba6 23. Rac1 Rac8 24. Rf2 Rc7 25. f5 Bxe5 26. dxe5 dxc4 27. bxc4 Rd7 28f6 Qf7 29. Qxf7+ Rfxf7 30. g5 Rd3 31. Re2 Rfd7 32. Kf2 Rd1 33. Rxd1 Rxd1 34Re1 Rd2+ 35. Re2 Rd3 36. Kg3 Bxc4 37. Kf4 Rd1 38. Rf2 Bd3 39. h4 g6 40. Kg4
Rg1+ 41. Kf4 c4 42. Bd4 c3 0-1

[Event "Gibtelecom Masters 8th"]
[Site "Gibraltar"]
[Date "2010.02.01"]
[Round "7.45"]
[White "Arakhamia-Grant, Ketevan"]
[Black "Weber, Francois"]
[Result "1-0"]
[WhiteElo "2470"]
[BlackElo "2149"]
[PlyCount "117"]
[EventDate "2010.01.26"]
[EventType "swiss"]
[EventRounds "10"]
[EventCountry "GGB"]
[SourceDate "2005.02.07"]

1. e4 e6 2. d4 d5 3. Nc3 Bb4 4. e5 Qd7 5. a3 Bf8 6. f4 h5 7. Be3 g6 8. Nf3 Nh6
9. Qd2 b6 10. Bb5 c6 11. Ba4 a5 12. Ne2 Qc7 13. g3 Nd7 14. h3 Nf5 15. Bf2 b5
16. Bb3 Nb6 17. Rg1 Nc4 18. Bxc4 bxc4 19. g4 Ne7 20. Nc3 a4 21. Na2 Bb7 22. Nb4
O-O-O 23. Ng5 Ng8 24. c3 hxg4 25. hxg4 Rh2 26. O-O-O c5 27. Nc2 Bc6 28. Rh1
Rxh1 29. Rxh1 Nh6 30. Rh4 cxd4 31. Nxd4 Bd7 32. Be3 Bg7 33. Rxh6 Bxh6 34. Nxf7
Bg7 35. Nxd8 Qxd8 36. Qh2 Qh8 37. Qxh8+ Bxh8 38. Nf3 Bg7 39. Bc5 Bh6 40. g5 Bg7
41. Kd2 Be8 42. Nd4 Bd7 43. Nc2 Kb7 44. Nb4 Bc8 45. Ke3 Bd7 46. Kd4 Be8 47. Be7
Kb6 48. Nc2 Kc6 49. Ne3 Kd7 50. Bd6 Kc6 51. Ng4 Bf7 52. Bb4 Be8 53. Nh6 Kb6 54Ng8 Bc6 55. Nf6 Kb5 56. f5 exf5 57. Nxd5 Bd7 58. Nf4 Be8 59. Ne6 1-0

[Event "Gibtelecom Masters 8th"]
[Site "Gibraltar"]
[Date "2010.02.01"]
[Round "7.46"]
[White "Nezad, Husein Aziz"]
[Black "Daoudi, Kamal"]
[Result "1-0"]
[WhiteElo "2408"]
[BlackElo "2155"]
[PlyCount "75"]
[EventDate "2010.01.26"]
[EventType "swiss"]
[EventRounds "10"]
[EventCountry "GGB"]
[SourceDate "2005.02.07"]

1. e4 e5 2. Nf3 Nc6 3. Bb5 a6 4. Ba4 Nf6 5. O-O b5 6. Bb3 Be7 7. Re1 O-O 8. d3
d6 9. c3 Be6 10. Bc2 d5 11. Nbd2 dxe4 12. dxe4 Bc5 13. h3 h6 14. Nh2 Ne7 15Qf3 Ng6 16. Ndf1 Qe7 17. Ne3 Bxe3 18. Bxe3 c5 19. Nf1 Rad8 20. Bc1 c4 21. b4
Bc8 22. a4 Bb7 23. axb5 axb5 24. Ra5 Bc6 25. Be3 Bxe4 26. Bxe4 Nh4 27. Bh7+
Kxh7 28. Qc6 Nd5 29. Qxb5 Nxc3 30. Qxc4 Rc8 31. Rc5 Rxc5 32. bxc5 f5 33. Qxc3
f4 34. Bd2 e4 35. Qc2 Qg5 36. Qxe4+ Kh8 37. c6 Rf7 38. c7 1-0

[Event "Gibtelecom Masters 8th"]
[Site "Gibraltar"]
[Date "2010.02.01"]
[Round "7.47"]
[White "Dworakowska, Joanna"]
[Black "Thingstad, Even"]
[Result "1-0"]
[WhiteElo "2374"]
[BlackElo "2141"]
[PlyCount "83"]
[EventDate "2010.01.26"]
[EventType "swiss"]
[EventRounds "10"]
[EventCountry "GGB"]
[SourceDate "2005.02.07"]

1. e4 c6 2. d4 d5 3. Nc3 dxe4 4. Nxe4 Bf5 5. Ng3 Bg6 6. h4 h6 7. Nf3 Nd7 8. h5
Bh7 9. Bd3 Bxd3 10. Qxd3 e6 11. Bd2 Ngf6 12. O-O-O Be7 13. Qe2 O-O 14. Nf1 Nb6
15. Kb1 Qd5 16. Ne3 Qe4 17. Rh4 Qh7 18. Rh3 Rfd8 19. Bc1 Nbd5 20. Nc4 c5 21Nce5 Qe4 22. Qf1 Rac8 23. Re1 Qh7 24. Qe2 cxd4 25. Nxd4 Nb4 26. Rc3 Bc5 27Nxf7 Rxd4 28. Qxe6 Rc6 29. Nxh6+ Kh8 30. Nf7+ Kg8 31. Nh6+ Kh8 32. Qe8+ Nxe8
33. Rxe8+ Qg8 34. Nxg8 Kh7 35. Ne7 Bxe7 36. Rxe7 Rg4 37. Rxc6 bxc6 38. g3 a5
39. h6 Kg8 40. Rxg7+ Rxg7 41. hxg7 Kxg7 42. Bd2 1-0

[Event "Gibtelecom Masters 8th"]
[Site "Gibraltar"]
[Date "2010.02.01"]
[Round "7.48"]
[White "Calzetta Ruiz, Monica"]
[Black "Andersson, Lars"]
[Result "1-0"]
[WhiteElo "2359"]
[BlackElo "2132"]
[PlyCount "51"]
[EventDate "2010.01.26"]
[EventType "swiss"]
[EventRounds "10"]
[EventCountry "GGB"]
[SourceDate "2005.02.07"]

1. e4 d6 2. d4 Nf6 3. Nc3 g6 4. Be3 c6 5. Qd2 Nbd7 6. h3 e5 7. Nf3 Qe7 8. O-O-Bg7 9. dxe5 dxe5 10. g4 O-O 11. Bh6 Nc5 12. Bxg7 Kxg7 13. Qe3 b5 14. g5 Nfd7
15. h4 b4 16. Nb1 a5 17. h5 a4 18. Nh4 Nb6 19. f4 a3 20. bxa3 exf4 21. Qd4+ f6
22. gxf6+ Rxf6 23. e5 Rf8 24. hxg6 Bg4 25. Nf5+ Rxf5 26. Rxh7+ 1-0

[Event "Gibtelecom Masters 8th"]
[Site "Gibraltar"]
[Date "2010.02.01"]
[Round "7.49"]
[White "Perez Pardo, Juan Carlos"]
[Black "Aerni, Andi"]
[Result "1-0"]
[WhiteElo "2297"]
[BlackElo "2137"]
[PlyCount "31"]
[EventDate "2010.01.26"]
[EventType "swiss"]
[EventRounds "10"]
[EventCountry "GGB"]
[SourceDate "2005.02.07"]

1. Nf3 d5 2. c4 e6 3. g3 Nf6 4. Bg2 c6 5. O-O Bd6 6. b3 O-O 7. Bb2 Nbd7 8. d4
Ne4 9. Ne5 f5 10. f3 Nxe5 11. dxe5 Qb6+ 12. Kh1 Nf2+ 13. Rxf2 Qxf2 14. Bd4 Bxe5
15. Bxf2 Bxa1 16. Bd4 1-0

[Event "Gibtelecom Masters 8th"]
[Site "Gibraltar"]
[Date "2010.02.01"]
[Round "7.50"]
[White "Goodger, Martyn"]
[Black "Nikolaidis, Konstantinos"]
[Result "1/2-1/2"]
[WhiteElo "2147"]
[BlackElo "2266"]
[PlyCount "102"]
[EventDate "2010.01.26"]
[EventType "swiss"]
[EventRounds "10"]
[EventCountry "GGB"]
[SourceDate "2005.02.07"]

1. e4 c6 2. d4 d5 3. e5 c5 4. dxc5 e6 5. a3 Nc6 6. Nf3 Bxc5 7. b4 Bb6 8. Bd3 f6
9. Bb2 fxe5 10. Nxe5 Nxe5 11. Bxe5 Qg5 12. Bg3 Nf6 13. Bb5+ Bd7 14. Bxd7+ Nxd7
15. Nd2 Rc8 16. O-O Qf5 17. c4 O-O 18. cxd5 exd5 19. Nf3 Rc3 20. a4 a6 21. Rc1
Rfc8 22. Rxc3 Rxc3 23. Qe2 Qe4 24. Qb2 Rc2 25. Qb3 Qc4 26. Qb1 Nf6 27. Ne5 Qc3
28. a5 Bd4 29. Nf3 Ba7 30. Be5 Qc4 31. Bxf6 Bxf2+ 32. Kh1 gxf6 33. Qd1 Kg7 34Ng1 Bxg1 35. Kxg1 Rb2 36. Qf3 Qd4+ 37. Kh1 Rxb4 38. Qg3+ Kf7 39. Qc7+ Kg6 40Qe7 f5 41. Re1 f4 42. Re6+ Kf5 43. Qf7+ Kg5 44. h4+ Kxh4 45. Qxh7+ Kg5 46. Qh6+
Kg4 47. Qg6+ Kh4 48. Qh7+ Kg5 49. Qh6+ Kg4 50. Qg6+ Kh4 51. Qh7+ Kg5 1/2-1/2

[Event "Gibtelecom Masters 8th"]
[Site "Gibraltar"]
[Date "2010.02.01"]
[Round "7.51"]
[White "Meskovs, Nikita"]
[Black "De Andres Gonalons, Fernando"]
[Result "1-0"]
[WhiteElo "2264"]
[BlackElo "2124"]
[PlyCount "55"]
[EventDate "2010.01.26"]
[EventType "swiss"]
[EventRounds "10"]
[EventCountry "GGB"]
[SourceDate "2005.02.07"]

1. d4 d5 2. c4 e6 3. Nc3 c5 4. cxd5 exd5 5. Nf3 Nc6 6. Be3 c4 7. g3 Be7 8. Bg2
Nf6 9. Ne5 h6 10. O-O O-O 11. b3 cxb3 12. axb3 Nb4 13. Qd2 Bf5 14. Rfc1 a6 15f3 Nd7 16. g4 Nxe5 17. gxf5 Nd7 18. Bf4 Nb6 19. e4 Bg5 20. Ne2 Bxf4 21. Nxf4
Nc6 22. e5 Qg5 23. Kh1 Qxf5 24. Bh3 Qh7 25. Rg1 Kh8 26. Nh5 Rg8 27. Rg3 Ne7 28Qf4 1-0

[Event "Gibtelecom Masters 8th"]
[Site "Gibraltar"]
[Date "2010.02.01"]
[Round "7.52"]
[White "Collier, David O"]
[Black "Montero Melendez, Rafael"]
[Result "1-0"]
[WhiteElo "2118"]
[BlackElo "2248"]
[PlyCount "79"]
[EventDate "2010.01.26"]
[EventType "swiss"]
[EventRounds "10"]
[EventCountry "GGB"]
[SourceDate "2005.02.07"]

1. d4 e6 2. e4 d5 3. e5 c5 4. c3 Nc6 5. Nf3 Bd7 6. Be2 Nge7 7. Na3 cxd4 8. cxd4
Ng6 9. Nc2 Be7 10. O-O O-O 11. Bd2 a5 12. a4 Nb4 13. Nxb4 axb4 14. b3 Rb8 15Ra2 Qa5 16. Qb1 Ra8 17. Rc2 b5 18. axb5 Bxb5 19. Bxb5 Qxb5 20. Rfc1 Ra3 21. Rc7
Qa5 22. g3 Ra8 23. Kg2 Ra2 24. R7c2 Ra3 25. h4 h5 26. Rc8+ Bf8 27. Ng5 Rxc8 28Rxc8 Qa6 29. Rc7 Ra1 30. Qc2 Ra2 31. Qd1 Be7 32. Qf3 f5 33. exf6 Bxf6 34. Qxh5
Bxg5 35. Qxg6 Bf6 36. Bh6 Rxf2+ 37. Kxf2 Bxd4+ 38. Ke1 Bf2+ 39. Kxf2 Qa2+ 40Rc2 1-0

[Event "Gibtelecom Masters 8th"]
[Site "Gibraltar"]
[Date "2010.02.01"]
[Round "7.53"]
[White "Hartvig, Ove Weiss"]
[Black "Fox, Anthony"]
[Result "1-0"]
[WhiteElo "2245"]
[BlackElo "2113"]
[PlyCount "75"]
[EventDate "2010.01.26"]
[EventType "swiss"]
[EventRounds "10"]
[EventCountry "GGB"]
[SourceDate "2005.02.07"]

1. e4 e5 2. Nf3 Nc6 3. Bb5 a6 4. Bxc6 dxc6 5. O-O Bg4 6. h3 h5 7. c3 Bc5 8. d3
Qf6 9. Be3 Bxf3 10. Qxf3 Qxf3 11. gxf3 Bxe3 12. fxe3 c5 13. Nd2 Rd8 14. Nc4 f6
15. Rad1 b5 16. Na5 Ne7 17. Nb7 Ra8 18. Nxc5 Kf7 19. d4 exd4 20. exd4 a5 21. f4
f5 22. e5 Nd5 23. Rf3 a4 24. Re1 Rhg8 25. e6+ Ke8 26. Re5 Ne7 27. Nb7 b4 28Rc5 bxc3 29. Rfxc3 g5 30. Rg3 g4 31. Rxc7 Ra6 32. d5 Nxd5 33. Rc8+ Ke7 34. Rxg8
Rxe6 35. hxg4 hxg4 36. Nc5 Re1+ 37. Kf2 Rc1 38. Nd3 1-0

[Event "Gibtelecom Masters 8th"]
[Site "Gibraltar"]
[Date "2010.02.01"]
[Round "7.54"]
[White "Marchand, Francois"]
[Black "Flermoen, Peter"]
[Result "1-0"]
[WhiteElo "2244"]
[BlackElo "2108"]
[PlyCount "109"]
[EventDate "2010.01.26"]
[EventType "swiss"]
[EventRounds "10"]
[EventCountry "GGB"]
[SourceDate "2005.02.07"]

1. d4 Nf6 2. c4 g6 3. Nc3 d5 4. Nf3 Bg7 5. Qb3 dxc4 6. Qxc4 a6 7. Bf4 c6 8. e4
O-O 9. Be2 b5 10. Qd3 Bg4 11. O-O Qb6 12. a4 Nbd7 13. h3 Bxf3 14. Bxf3 Rad8 15e5 Ne8 16. a5 Qb7 17. Qe4 Nc7 18. Qxc6 Qxc6 19. Bxc6 Nb8 20. Bf3 Rxd4 21. Be3
Rd7 22. Bg4 e6 23. f4 Nd5 24. Nxd5 Rxd5 25. Rfd1 Rxd1+ 26. Rxd1 Nc6 27. Bb6 Rc8
28. Rc1 Ne7 29. Rxc8+ Nxc8 30. Bc5 Bf8 31. Bxf8 Kxf8 32. Bf3 b4 33. Kf2 Ke7 34Bb7 Na7 35. Ke3 Kd8 36. Kd4 Kc7 37. Bxa6 Nc6+ 38. Kc5 b3 39. Bb5 Nxa5 40. Be8
Nb7+ 41. Kc4 Na5+ 42. Kb5 Nb7 43. Kb4 Kc8 44. Kxb3 Kd8 45. Bb5 Nc5+ 46. Kc4 Ne4
47. Bc6 Ng3 48. Bf3 Kc7 49. Kc5 Nf5 50. b4 Ne7 51. b5 Nc8 52. Bc6 Nb6 53. g3
Na4+ 54. Kb4 Nb2 55. Be8 1-0

[Event "Gibtelecom Masters 8th"]
[Site "Gibraltar"]
[Date "2010.02.01"]
[Round "7.55"]
[White "Doubleday, William G"]
[Black "Duhayon, Yves"]
[Result "0-1"]
[WhiteElo "2115"]
[BlackElo "2241"]
[PlyCount "48"]
[EventDate "2010.01.26"]
[EventType "swiss"]
[EventRounds "10"]
[EventCountry "GGB"]
[SourceDate "2005.02.07"]

1. d4 d5 2. c4 e6 3. Nc3 Nf6 4. Nf3 Bb4 5. Bg5 dxc4 6. e4 b5 7. Be2 Nbd7 8. e5
h6 9. Bxf6 gxf6 10. O-O Bxc3 11. bxc3 Bb7 12. Rb1 a6 13. a4 Bc6 14. Qc1 Nb6 15axb5 axb5 16. Nd2 fxe5 17. Bf3 Nd5 18. Ne4 Nf4 19. dxe5 Bxe4 20. Bxe4 Ne2+ 21Kh1 Nxc1 22. Bxa8 Qxa8 23. Rfxc1 Rg8 24. f3 Qd5 0-1

[Event "Gibtelecom Masters 8th"]
[Site "Gibraltar"]
[Date "2010.02.01"]
[Round "7.56"]
[White "Fegan, Chris"]
[Black "Al-Tamimi, Hamad"]
[Result "0-1"]
[WhiteElo "2093"]
[BlackElo "2238"]
[PlyCount "100"]
[EventDate "2010.01.26"]
[EventType "swiss"]
[EventRounds "10"]
[EventCountry "GGB"]
[SourceDate "2005.02.07"]

1. d4 d5 2. Nf3 Nf6 3. e3 c5 4. c4 cxd4 5. Nxd4 e5 6. Nf3 Nc6 7. cxd5 Qxd5 8Qxd5 Nxd5 9. Bb5 f6 10. a3 a6 11. Bc4 Nb6 12. Ba2 e4 13. Nd4 Ne5 14. O-O Bc5
15. Nc3 f5 16. b4 Be7 17. Rb1 Bf6 18. a4 Nc6 19. Rd1 Nxd4 20. exd4 Bd7 21. Bb3
Rc8 22. Bb2 Nc4 23. Ba1 Be6 24. g4 g6 25. d5 Bf7 26. d6 Nxd6 27. Nd5 Bxa1 28Rxa1 Bxd5 29. Rxd5 Rc3 30. Ba2 Rd3 31. gxf5 Rxd5 32. Bxd5 gxf5 33. b5 axb5 34axb5 Kd7 35. Ra7 Kc7 36. Kg2 Re8 37. Kg3 Kb6 38. Ra3 Re5 39. Bg8 h6 40. Kf4 Re8
41. Bd5 Kc5 42. Ba2 Nxb5 43. Rh3 Nd4 44. Rxh6 b5 45. Rh7 Ra8 46. Bf7 b4 47. Bg6
b3 48. Rb7 Nb5 49. Bxf5 b2 50. Bxe4 Ra4 0-1